Najszybciej rozwijające się miasta w Polsce. - Statystyki

Ogólne statystyki
  • Ten quiz został rozwiązany 255 razy
  • Średni wynik to 9 z 10
Statystyki odpowiedzi
# Miasto % Poprawnych
3. Warszawa
99%
6. Gdańsk
95%
4. Kraków
95%
1. Wrocław
92%
5. Poznań
90%
8. Łódź
85%
9. Białystok
81%
7. Lublin
77%
2. Rzeszów
77%
10. Bydgoszcz
76%
Nie znaleziono quizów pasujących do podanych kryteriów
Rozkład punktacji
Procent ludzi z każdym wynikiem
Percentyl według liczby udzielonych odpowiedzi
Twoja historia wyników
Nie rozwiązałeś tego quizu